| 000 | 02118nam a2200529 i 4500 | ||
|---|---|---|---|
| 001 | xx004951327 | ||
| 003 | NUKAT | ||
| 005 | 20260429124207.0 | ||
| 008 | 200922s2020 pl a |000 0 pol c | ||
| 020 |
_a9788380989856 _q(oprawa miękka) : _czł 35,00 |
||
| 035 | _a(OCoLC)1199649001 | ||
| 035 | _a(NUKAT)xx004951327 | ||
| 040 |
_aKAT U/JP _bpol _erda _cKAT U/JP _dKAT U/JP _dOLSZT 008/bak |
||
| 045 | 2 |
_bd1920 _bd1922 |
|
| 046 | _k1922 | ||
| 245 | 0 | 0 |
_aO uczniu żołnierzu / _copracował Kazimierz Konarski. |
| 260 |
_aWarszawa : _bInstytut Pamięci Narodowej. Komisja Ścigania Zbrodni Przeciwko Narodowi Polskiemu, _c2020. |
||
| 300 |
_a278, [1] strona : _bilustracje ; _c21 cm. |
||
| 336 |
_aTekst _btxt _2rdacontent |
||
| 337 |
_aBez urządzenia pośredniczącego _bn _2rdamedia |
||
| 338 |
_aWolumin _bnc _2rdacarrier |
||
| 380 | _aKsiążki | ||
| 380 | _aLiteratura faktu, eseje, publicystyka | ||
| 386 |
_mPrzynależność kulturowa _aLiteratura polska |
||
| 388 | 1 | _a1901-2000 | |
| 388 | 1 | _a1918-1939 | |
| 490 | 1 | _aBiblioteka Akademii Niepodległości | |
| 648 | 7 |
_a1901-2000 _2DBN _934996 |
|
| 648 | 7 |
_a1918-1939 _2DBN _936041 |
|
| 650 | 7 |
_aDzieci-żołnierze _2DBN _940867 |
|
| 650 | 7 |
_aSzkolnictwo średnie _2DBN _940868 |
|
| 650 | 7 |
_aWojna polsko-bolszewicka (1919-1920) _2DBN _935671 |
|
| 650 | 7 |
_aWojna polsko-bolszewicka (1919-1920) _xudział młodzieży. _2kaba _940869 |
|
| 650 | 7 |
_aWojna polsko-bolszewicka (1919-1920) _vrelacje osobiste Polaków. _2kaba _938400 |
|
| 651 | 7 |
_aPolska _2DBN _935076 |
|
| 655 | 7 |
_aAntologia _2DBN _934961 |
|
| 655 | 7 |
_aOpracowanie _2DBN _935024 |
|
| 655 | 7 |
_aPamiętniki i wspomnienia _2DBN _935005 |
|
| 655 | 7 |
_aWydawnictwo źródłowe _2DBN _935066 |
|
| 658 | _aBezpieczeństwo i wojskowość | ||
| 658 | _aHistoria | ||
| 700 | 1 |
_aKonarski, Kazimierz _d(1886-1972). _eOpracowanie _913904 |
|
| 710 | 2 |
_aInstytut Pamięci Narodowej - Komisja Ścigania Zbrodni przeciwko Narodowi Polskiemu. _eWydawca _4pbl _911792 |
|
| 830 | 0 |
_aBiblioteka Akademii Niepodległości _916406 |
|
| 920 | _a978-83-8098-985-6 (oprawa miękka) : zł 35,00 | ||
| 942 |
_2ddc _cBK_NM |
||
| 999 |
_c27866 _d27866 |
||